|
|
|
|
| LEADER |
00961nam a2200229 a 4500 |
| 001 |
00021117 |
| 008 |
101003s2010 ii a b 001 0 eng d |
| 020 |
|
|
|a 9788131731666
|
| 040 |
|
|
|a DB-DhAAL
|c DB-DhAAL
|
| 082 |
0 |
0 |
|a 006.3
|2 22
|
| 100 |
1 |
|
|a Garg, Kumkum
|
| 245 |
1 |
0 |
|a Mobile computing :
|b theory and practice /
|c Kumkum Garg
|
| 260 |
|
|
|a Delhi, India :
|b Pearson/Dorling Kindersley,
|c c2010
|
| 300 |
|
|
|a xiv, 218 p. :
|b ill. ;
|c 24 cm.
|
| 504 |
|
|
|a Includes bibliographical references and index.
|
| 541 |
1 |
|
|e 00021117
|
| 650 |
|
0 |
|a Mobile computing
|
| 700 |
1 |
|
|a Akerkar, Rupali
|
| 852 |
4 |
|
|a Ayesha Abed Library
|j General Shelf.
|
| 999 |
|
|
|c 9616
|d 9616
|
| 952 |
|
|
|0 0
|1 0
|2 ddc
|4 0
|6 006_300000000000000_GAR_2010
|7 0
|9 12234
|a BRACUL
|b BRACUL
|c GEN
|d 2010-10-03
|l 0
|o 006.3 GAR
|p 3010021117
|r 2010-10-03
|t 1
|w 2010-10-03
|y BK
|
| 952 |
|
|
|0 0
|1 0
|2 ddc
|4 0
|6 006_300000000000000_GAR_2010
|7 0
|9 12235
|a BRACUL
|b BRACUL
|c GEN
|d 2010-10-03
|l 0
|o 006.3 GAR
|p 3010021118
|r 2010-10-03
|t 2
|w 2010-10-03
|y BK
|